000 00346nam a22001457a 4500
008 250310b |||||||| |||| 00| 0 eng d
020 _a9781529769012
050 _bH62
_a.S47
100 _aSilverman
245 _aDoing Qualitative Research
250 _a6th
260 _aLondon
_bSage Publication Ltd
_c2022
300 _axxi,631p
942 _cBK
999 _c2193
_d2193